Statistiques concernant 104 DCOM challenge

Cliquez ici pour prendre le quiz!

Statistiques générales

  • Ce quiz a été pris 3 fois
  • Le résultat moyen est 8 sur 104

Statistiques - réponses

Titres % Correct
High School Musical 2
67%
High School Musical : Premiers pas sur scène (High School Musical)
67%
Camp Rock
67%
Camp Rock 2 : Le Face à Face (Camp Rock 2: The Final Jam)
67%
Les Cheetah Girls 2 (The Cheetah Girls 2)
33%
Le Geek Charmant (Geek Charming)
33%
Raiponce : Moi, j'ai un rêve (Tangled: Before Ever After)
33%
Les Cheetah Girls (The Cheetah Girls)
33%
Zack et Cody, le film (The Suite Life Movie)
33%
Descendants 2
33%
Un costume pour deux (Hatching Pete)
33%
Princess Protection Program : Mission Rosalinda (Princess Protection Program)
33%
Les Sorciers de Waverly Place, le film (Wizards of Waverly Place - The Movie)
33%
Let It Shine
33%
Amiennemies (Frenemies)
33%
Descendants
33%
La Maison du futur (Smart House)
33%
Le Garçon idéal (How to Build a Better Boy)
33%
Teen Beach 2
33%
Des amours de sœurcières (Twitches)
0%
Cool Attitude, le film (The Proud Family Movie)
0%
Kim Possible, le film : Mission Cupidon (Kim Possible Movie: So the Drama)
0%
La Terre sacrée des bisons (Buffalo Dreams)
0%
Minutemen : Les Justiciers du temps (Minutemen)
0%
Des amours de sœurcières 2 (Twitches Too)
0%
Johnny Kapahala (Johhny Kapahala : Back On Board)
0%
Jump in!
0%
Wendy Wu (Wendy Wu : Homecoming Warrior)
0%
Calvin et Tyco (Life is Ruff)
0%
Le Journal de Jaimie (Read It and Weep)
0%
Figure libre (Go Figure)
0%
Les Sorcières d'Halloween 4 (Return to Halloweentown)
0%
Zombies
0%
Les Sœurs Callum (Cow Belles)
0%
Starstruck : Rencontre avec une star (StarStruck)
0%
Teen Beach Movie
0%
Skylar Lewis : Chasseuse de monstres (Girl Vs. Monster)
0%
Appelez-moi DJ Rebel (Radio Rebel)
0%
Cloud 9 : L'Ultime Figure (Cloud 9)
0%
Zapped : Une application d'enfer ! (Zapped)
0%
Babysitting Night (Adventures in Babysitting)
0%
Ma sœur est invisible ! (Invisible Sister)
0%
Ma pire journée (Bad Hair Day)
0%
Bonne chance Charlie, le film (Good Luck Charlie, It's Christmas!)
0%
Phinéas et Ferb, le film : Voyage dans la 2e dimension (Phineas and Ferb - The Movie: Across the Second Dimension)
0%
Bienvenue chez les scouts (Den Brother)
0%
Le Swap (The Swap)
0%
SOS Daddy (Dadnapped)
0%
Le Manoir de la magie (Now You See It...)
0%
Avalon High : Un amour légendaire (Avalon High)
0%
La Fabulous Aventure de Sharpay (Sharpay's Fabulous Adventure)
0%
Lemonade Mouth
0%
Les Cheetah Girls : Un monde unique (The Cheetah Girls: One World)
0%
Un père pas comme les autres (Tiger Cruise)
0%
La Confiance des chevaux (Ready to Run)
0%
Les Quintuplés (Quints)
0%
Ma sœur est une extraterrestre (Stepsister from Planet Weird)
0%
Miracle sur la deuxième ligne (Miracle in Lane 2)
0%
Les Filles de l'océan (Rip Girls)
0%
Mon clone et moi (The Other Me)
0%
Chasseurs de vampire (Mom's Got a Date with a Vampire)
0%
Motocross (Motocrossed)
0%
Zenon et les Aliens (Zenon: The Zequel)
0%
Le Plus Beau Cadeau de Noël (The Ultimate Christmas Present)
0%
Le Fantôme du cinéma (Phantom of the Megaplex)
0%
Un match au sommet (Alley Cats Strike)
0%
La Couleur de l'amitié (The Color of Friendship)
0%
Zenon, la fille du XXIe siècle (Zenon: Girl of the 21st Century)
0%
Embrouilles dans la galaxie (Can of Worms)
0%
Les Sorcières d'Halloween (Halloweentown)
0%
Brink, champion de roller (Brink!)
0%
Vie de chien, vie de château (You Lucky Dog)
0%
Le garçon qui venait de la mer (The Thirteenth Year)
0%
Johnny Tsunami
0%
Graine de héros ( Up, Up, and Away)
0%
Le Ranch du bonheur (Horse Sense)
0%
Ne regarde pas sous ton lit (Don't Look Under the Bed)
0%
Savant en herbe (Genius)
0%
Le Lutin (The Luck of the Irish)
0%
Un chien envahissant (Hounded)
0%
Drôles de vacances (The Even Stevens Movie)
0%
Une équipe de chefs (Eddie's Million Dollar Cook-Off)
0%
La Voie tracée (Right on Track)
0%
Face ou Pile (You Wish!)
0%
La Patrouille fantôme (The Scream Team )
0%
À nous de jouer (Full-Court Miracle)
0%
Star idéale (Pixel Perfect)
0%
La Momie d'Halloween (Under Wraps)
0%
La Naissance d'une nouvelle star (Stuck in the Suburbs)
0%
Zenon et la Déesse de la Lune (Zenon: Z3)
0%
Le Triomphe de Jace (Going to the Mat)
0%
Vacances inoubliables (A Ring of Endless Light)
0%
Cadence (Gotta Kick It Up!)
0%
Le Point zéro (The Poof Point)
0%
Vacances mouvementées (Jumping Ship)
0%
Jennie (The Jennie Project)
0%
Les Aventures de Jett Jackson (Jett Jackson: The Movie)
0%
Les Sorcières d'Halloween 2 (Halloweentown II: Kalabar's Revenge)
0%
Nuit magique ('Twas the Night)
0%
Opération Walker (Get a Clue)
0%
Bienvenue chez Trudy (Tru Confessions)
0%
Cadet Kelly
0%
Double Équipe (Double Teamed)
0%
Les Sorcières d'Halloween 3 (Halloweentown High)
0%

Distribution des résultats

Percentile by Number Answered

% des personnes avec chaque résultat

Votre développement - résultats

Vous n’avez pas pris ce quiz